| 000 | 00345nam a22001337a 4500 | ||
|---|---|---|---|
| 020 | _a0-8359-5589-3 | ||
| 082 | _a658.05 FRI'P | ||
| 100 |
_aFRIED, LOUIS _975967 |
||
| 245 | _aPRACTICAL DATA PROCESSING MANAGEMENT | ||
| 260 |
_aVIRGINIA _bRESTON _c1979 |
||
| 300 | _a342P | ||
| 650 |
_aELECTRONIC DATA PROCESSING MANAGEMENT _975968 |
||
| 942 | _cBK | ||
| 999 |
_c581374 _d581374 |
||